[Event "Chessable Masters - Torneo preliminare"]
[White "Tregubov, Pavel V."]
[Black "Rustemov, Alexander"]
[WhiteFideId "4115341"]
[BlackFideId "4119002"]
[WhiteElo "2522"]
[BlackElo "2494"]
[Result "1-0"]
[Round "3"]
[TimeControl "600+2"]
[Date "2023.03.13"]
[WhiteClock "0:00:14"]
[BlackClock "0:00:06"]

1. e4 {[%clk 0:10:01]}  e6 {[%clk 0:09:59]} 2. d4 {[%clk 0:09:57]}  d5 {[%clk 0:10:00]} 3. e5 {[%clk 0:09:56]}  c5 {[%clk 0:10:01]} 4. c3 {[%clk 0:09:57]}  Qb6 {[%clk 0:10:02]} 5. Nf3 {[%clk 0:09:57]}  Bd7 {[%clk 0:10:03]} 6. Be2 {[%clk 0:09:57]}  Bb5 {[%clk 0:10:02]} 7. O-O {[%clk 0:09:58]}  Bxe2 {[%clk 0:10:02]} 8. Qxe2 {[%clk 0:09:59]}  Qa6 {[%clk 0:10:04]} 9. Qd1 {[%clk 0:09:09]}  cxd4 {[%clk 0:10:01]} 10. cxd4 {[%clk 0:09:09]}  Bb4 {[%clk 0:09:59]} 11. a3 {[%clk 0:08:43]}  Ne7 {[%clk 0:09:57]} 12. Bg5 {[%clk 0:07:22]}  Nbc6 {[%clk 0:09:27]} 13. Qb3 {[%clk 0:07:06]}  Ba5 {[%clk 0:09:23]} 14. Nc3 {[%clk 0:06:50]}  Bxc3 {[%clk 0:09:23]} 15. Qxc3 {[%clk 0:06:51]}  O-O {[%clk 0:09:22]} 16. b4 {[%clk 0:06:41]}  Rfc8 {[%clk 0:09:18]} 17. Qb2 {[%clk 0:06:41]}  h6 {[%clk 0:08:07]} 18. Bd2 {[%clk 0:04:55]}  Qd3 {[%clk 0:07:17]} 19. Rfc1 {[%clk 0:04:37]}  Nd8 {[%clk 0:06:19]} 20. a4 {[%clk 0:03:55]}  Rc4 {[%clk 0:06:05]} 21. Ra3 {[%clk 0:03:43]}  Qe4 {[%clk 0:05:55]} 22. Re3 {[%clk 0:03:40]}  Qf5 {[%clk 0:05:44]} 23. Bc3 {[%clk 0:02:45]}  Rac8 {[%clk 0:05:42]} 24. Nd2 {[%clk 0:02:42]}  R4c7 {[%clk 0:05:37]} 25. b5 {[%clk 0:02:42]}  b6 {[%clk 0:05:03]} 26. a5 {[%clk 0:01:36]}  Nb7 {[%clk 0:05:01]} 27. axb6 {[%clk 0:01:22]}  axb6 {[%clk 0:05:03]} 28. Ree1 {[%clk 0:01:21]}  g5 {[%clk 0:04:27]} 29. g3 {[%clk 0:01:09]}  Ng6 {[%clk 0:04:11]} 30. Nf1 {[%clk 0:01:09]}  Qf3 {[%clk 0:02:58]} 31. Bd2 {[%clk 0:01:04]}  Qd3 {[%clk 0:02:23]} 32. Re3 {[%clk 0:00:58]}  Qf5 {[%clk 0:02:21]} 33. Rec3 {[%clk 0:00:57]}  Rxc3 {[%clk 0:02:11]} 34. Rxc3 {[%clk 0:00:58]}  Rb8 {[%clk 0:01:25]} 35. Rc6 {[%clk 0:00:55]}  Nd8 {[%clk 0:01:19]} 36. Rc7 {[%clk 0:00:56]}  Ra8 {[%clk 0:01:13]} 37. Ne3 {[%clk 0:00:39]}  Qd3 {[%clk 0:01:11]} 38. Qc3 {[%clk 0:00:36]}  Qe2 {[%clk 0:00:55]} 39. Rc8 {[%clk 0:00:21]}  Rxc8 {[%clk 0:00:46]} 40. Qxc8 {[%clk 0:00:22]}  Qxd2 {[%clk 0:00:35]} 41. Qxd8+ {[%clk 0:00:23]}  Kg7 {[%clk 0:00:36]} 42. Qxb6 {[%clk 0:00:21]}  h5 {[%clk 0:00:27]} 43. Qc5 {[%clk 0:00:21]}  Qe1+ {[%clk 0:00:25]} 44. Kg2 {[%clk 0:00:21]}  h4 {[%clk 0:00:26]} 45. Qc2 {[%clk 0:00:14]}  Qb4 {[%clk 0:00:26]} 46. Qd3 {[%clk 0:00:13]}  Qb2 {[%clk 0:00:22]} 47. Ng4 {[%clk 0:00:12]}  Ne7 {[%clk 0:00:19]} 48. Qe3 {[%clk 0:00:12]}  Kg6 {[%clk 0:00:17]} 49. Qd3+ {[%clk 0:00:12]}  Nf5 {[%clk 0:00:18]} 50. Ne3 {[%clk 0:00:13]}  Qxd4 {[%clk 0:00:17]} 51. Qxd4 {[%clk 0:00:13]}  Nxd4 {[%clk 0:00:19]} 52. b6 {[%clk 0:00:14]}  hxg3 {[%clk 0:00:16]} 53. hxg3 {[%clk 0:00:15]}  Nc6 {[%clk 0:00:16]} 54. b7 {[%clk 0:00:16]}  g4 {[%clk 0:00:14]} 55. Nxg4 {[%clk 0:00:16]}  Kf5 {[%clk 0:00:15]} 56. f3 {[%clk 0:00:14]}  Kg6 {[%clk 0:00:07]} 57. Kf2 {[%clk 0:00:15]}  Kg7 {[%clk 0:00:08]} 58. Nf6 {[%clk 0:00:13]}  Nb8 {[%clk 0:00:08]} 59. Ke3 {[%clk 0:00:13]}  Kf8 {[%clk 0:00:10]} 60. Kd4 {[%clk 0:00:14]}  Ke7 {[%clk 0:00:12]} 61. Kc5 {[%clk 0:00:16]}  Kd8 {[%clk 0:00:13]} 62. Kd6 {[%clk 0:00:15]}  d4 {[%clk 0:00:14]} 63. Ne4 {[%clk 0:00:16]}  d3 {[%clk 0:00:15]} 64. f4 {[%clk 0:00:15]}  Nd7 {[%clk 0:00:14]} 65. g4 {[%clk 0:00:16]}  Nb8 {[%clk 0:00:15]} 66. f5 {[%clk 0:00:16]}  exf5 {[%clk 0:00:16]} 67. gxf5 {[%clk 0:00:17]}  Nd7 {[%clk 0:00:06]} 68. e6 {[%clk 0:00:14]}  fxe6 {[%clk 0:00:05]} 69. f6 {[%clk 0:00:13]}  d2 {[%clk 0:00:05]} 70. Nxd2 {[%clk 0:00:13]}  e5 {[%clk 0:00:06]} 71. f7 {[%clk 0:00:12]}  e4 {[%clk 0:00:06]} 72. b8=Q+ {[%clk 0:00:12]}  Nxb8 {[%clk 0:00:06]} 73. f8=Q# {[%clk 0:00:14]} 1-0


[Site "Internet"]

[Event "Chessable Masters - Torneo preliminare"]
[White "Salgado Lopez, Ivan"]
[Black "Hong, Andrew"]
[WhiteFideId "2257327"]
[BlackFideId "2099438"]
[WhiteElo "2554"]
[BlackElo "2549"]
[Result "1-0"]
[Round "3"]
[TimeControl "600+2"]
[Date "2023.03.13"]
[WhiteClock "0:00:21"]
[BlackClock "0:00:04"]

1. e4 {[%clk 0:09:43]}  e5 {[%clk 0:09:58]} 2. Nf3 {[%clk 0:09:44]}  Nf6 {[%clk 0:09:59]} 3. Nc3 {[%clk 0:09:40]}  Nc6 {[%clk 0:09:59]} 4. h3 {[%clk 0:09:42]}  g6 {[%clk 0:09:40]} 5. d4 {[%clk 0:09:40]}  exd4 {[%clk 0:09:40]} 6. Nxd4 {[%clk 0:09:41]}  Bg7 {[%clk 0:09:40]} 7. Nxc6 {[%clk 0:09:38]}  bxc6 {[%clk 0:09:39]} 8. Bd3 {[%clk 0:09:39]}  O-O {[%clk 0:09:37]} 9. O-O {[%clk 0:09:37]}  Re8 {[%clk 0:09:27]} 10. Bg5 {[%clk 0:09:36]}  d6 {[%clk 0:09:12]} 11. f4 {[%clk 0:09:30]}  Rb8 {[%clk 0:09:08]} 12. Rb1 {[%clk 0:09:30]}  Bb7 {[%clk 0:07:49]} 13. Bh4 {[%clk 0:07:49]}  Qc8 {[%clk 0:07:42]} 14. e5 {[%clk 0:06:41]}  dxe5 {[%clk 0:06:41]} 15. Bxf6 {[%clk 0:06:31]}  Bxf6 {[%clk 0:06:39]} 16. Ne4 {[%clk 0:06:32]}  Bg7 {[%clk 0:06:26]} 17. f5 {[%clk 0:06:31]}  c5 {[%clk 0:05:32]} 18. fxg6 {[%clk 0:05:31]}  hxg6 {[%clk 0:05:28]} 19. Bc4 {[%clk 0:05:29]}  Bxe4 {[%clk 0:05:01]} 20. Rxf7 {[%clk 0:05:29]}  Rb4 {[%clk 0:03:45]} 21. Qe2 {[%clk 0:04:50]}  Rxc4 {[%clk 0:03:10]} 22. Qxc4 {[%clk 0:04:49]}  Qe6 {[%clk 0:02:59]} 23. Rxg7+ {[%clk 0:04:48]}  Kxg7 {[%clk 0:03:00]} 24. Qxe4 {[%clk 0:04:50]}  Qxa2 {[%clk 0:02:54]} 25. c4 {[%clk 0:04:41]}  Re7 {[%clk 0:02:44]} 26. h4 {[%clk 0:04:26]}  Qa6 {[%clk 0:02:07]} 27. Rd1 {[%clk 0:04:14]}  Qf6 {[%clk 0:02:03]} 28. Rd5 {[%clk 0:04:07]}  Qf4 {[%clk 0:01:31]} 29. Qxf4 {[%clk 0:04:00]}  exf4 {[%clk 0:01:33]} 30. Kf2 {[%clk 0:04:00]}  Kf6 {[%clk 0:01:05]} 31. Rxc5 {[%clk 0:03:55]}  Re3 {[%clk 0:00:53]} 32. b4 {[%clk 0:03:41]}  Rc3 {[%clk 0:00:38]} 33. b5 {[%clk 0:03:37]}  Ke6 {[%clk 0:00:39]} 34. Rxc7 {[%clk 0:01:39]}  Kf5 {[%clk 0:00:40]} 35. c5 {[%clk 0:01:33]}  Kg4 {[%clk 0:00:38]} 36. c6 {[%clk 0:01:33]}  Rc2+ {[%clk 0:00:38]} 37. Kf1 {[%clk 0:01:30]}  Rb2 {[%clk 0:00:09]} 38. Rxa7 {[%clk 0:01:22]}  Rxb5 {[%clk 0:00:10]} 39. Rg7 {[%clk 0:01:23]}  Kf5 {[%clk 0:00:05]} 40. c7 {[%clk 0:01:11]}  Rc5 {[%clk 0:00:06]} 41. Ke2 {[%clk 0:01:13]}  Kf6 {[%clk 0:00:04]} 42. Rh7 {[%clk 0:01:11]}  Kf5 {[%clk 0:00:05]} 43. h5 {[%clk 0:01:02]}  Kg5 {[%clk 0:00:04]} 44. Rd7 {[%clk 0:00:37]}  Kxh5 {[%clk 0:00:03]} 45. Rd5+ {[%clk 0:00:37]}  Rxd5 {[%clk 0:00:05]} 46. c8=Q {[%clk 0:00:39]}  Kg5 {[%clk 0:00:04]} 47. Qe6 {[%clk 0:00:33]}  Rf5 {[%clk 0:00:04]} 48. Kf3 {[%clk 0:00:32]}  Kh5 {[%clk 0:00:06]} 49. Qg8 {[%clk 0:00:31]}  Kh6 {[%clk 0:00:06]} 50. Kg4 {[%clk 0:00:26]}  Rg5+ {[%clk 0:00:05]} 51. Kxf4 {[%clk 0:00:26]}  Rf5+ {[%clk 0:00:06]} 52. Ke4 {[%clk 0:00:24]}  Kg5 {[%clk 0:00:06]} 53. Qg7 {[%clk 0:00:21]}  Rf4+ {[%clk 0:00:07]} 54. Ke3 {[%clk 0:00:22]}  Rf5 {[%clk 0:00:07]} 55. Qe7+ {[%clk 0:00:23]}  Kg4 {[%clk 0:00:06]} 56. Qe6 {[%clk 0:00:24]}  Kg5 {[%clk 0:00:07]} 57. g3 {[%clk 0:00:24]}  Kh5 {[%clk 0:00:05]} 58. Ke4 {[%clk 0:00:20]}  Kg5 {[%clk 0:00:05]} 59. Qe7+ {[%clk 0:00:21]}  Kh5 {[%clk 0:00:04]} 60. Qh4# {[%clk 0:00:21]} 1-0


[Site "Internet"]

[Event "Chessable Masters - Torneo preliminare"]
[White "Tari, Aryan"]
[Black "Piorun, Kacper"]
[WhiteFideId "1510045"]
[BlackFideId "1130420"]
[WhiteElo "2539"]
[BlackElo "2491"]
[Result "1-0"]
[Round "3"]
[TimeControl "600+2"]
[Date "2023.03.13"]
[WhiteClock "0:00:41"]
[BlackClock "0:00:05"]

1. e4 {[%clk 0:10:01]}  e5 {[%clk 0:09:54]} 2. Nf3 {[%clk 0:09:58]}  Nc6 {[%clk 0:09:54]} 3. d4 {[%clk 0:09:57]}  exd4 {[%clk 0:09:48]} 4. Nxd4 {[%clk 0:09:59]}  Bb4+ {[%clk 0:09:39]} 5. c3 {[%clk 0:09:57]}  Be7 {[%clk 0:09:40]} 6. Qg4 {[%clk 0:09:21]}  Bf6 {[%clk 0:08:53]} 7. Nxc6 {[%clk 0:08:57]}  bxc6 {[%clk 0:08:35]} 8. Qg3 {[%clk 0:08:18]}  d6 {[%clk 0:08:32]} 9. Nd2 {[%clk 0:07:33]}  Ne7 {[%clk 0:08:28]} 10. Nf3 {[%clk 0:07:33]}  Ng6 {[%clk 0:08:14]} 11. h4 {[%clk 0:07:20]}  O-O {[%clk 0:07:21]} 12. Bg5 {[%clk 0:05:59]}  Re8 {[%clk 0:06:30]} 13. Bd3 {[%clk 0:05:58]}  Rb8 {[%clk 0:04:52]} 14. O-O-O {[%clk 0:05:53]}  Be6 {[%clk 0:04:06]} 15. Nd4 {[%clk 0:05:36]}  Bd7 {[%clk 0:03:59]} 16. f4 {[%clk 0:05:12]}  h6 {[%clk 0:03:57]} 17. h5 {[%clk 0:05:04]}  Ne5 {[%clk 0:03:07]} 18. Bxh6 {[%clk 0:03:37]}  Ng4 {[%clk 0:03:05]} 19. e5 {[%clk 0:03:33]}  gxh6 {[%clk 0:01:39]} 20. Bf5 {[%clk 0:02:25]}  Kh8 {[%clk 0:01:35]} 21. Qxg4 {[%clk 0:02:20]}  Rg8 {[%clk 0:01:29]} 22. Qh3 {[%clk 0:02:20]}  dxe5 {[%clk 0:01:14]} 23. Nf3 {[%clk 0:01:38]}  Bxf5 {[%clk 0:00:56]} 24. Qxf5 {[%clk 0:01:40]}  Qe7 {[%clk 0:00:56]} 25. Rd7 {[%clk 0:01:33]}  Qe6 {[%clk 0:00:46]} 26. Qxe6 {[%clk 0:01:34]}  fxe6 {[%clk 0:00:47]} 27. fxe5 {[%clk 0:01:35]}  Bg5+ {[%clk 0:00:49]} 28. Kb1 {[%clk 0:01:33]}  Bf4 {[%clk 0:00:49]} 29. Nh4 {[%clk 0:01:29]}  Rg4 {[%clk 0:00:36]} 30. Ng6+ {[%clk 0:01:25]}  Kg8 {[%clk 0:00:37]} 31. Rf1 {[%clk 0:01:23]}  Rxg2 {[%clk 0:00:21]} 32. b3 {[%clk 0:01:02]}  Rxg6 {[%clk 0:00:04]} 33. hxg6 {[%clk 0:01:02]}  Bxe5 {[%clk 0:00:05]} 34. c4 {[%clk 0:00:58]}  a5 {[%clk 0:00:04]} 35. Re1 {[%clk 0:00:55]}  Bg7 {[%clk 0:00:02]} 36. Rxe6 {[%clk 0:00:55]}  a4 {[%clk 0:00:04]} 37. Kc2 {[%clk 0:00:54]}  axb3+ {[%clk 0:00:04]} 38. axb3 {[%clk 0:00:56]}  h5 {[%clk 0:00:05]} 39. Rxc6 {[%clk 0:00:54]}  h4 {[%clk 0:00:06]} 40. Rcxc7 {[%clk 0:00:51]}  Bf6 {[%clk 0:00:06]} 41. Rh7 {[%clk 0:00:49]}  Ra8 {[%clk 0:00:07]} 42. Ra7 {[%clk 0:00:50]}  Re8 {[%clk 0:00:07]} 43. Raf7 {[%clk 0:00:42]}  Re6 {[%clk 0:00:05]} 44. Rxf6 {[%clk 0:00:41]} 1-0


[Site "Internet"]

[Event "Chessable Masters - Torneo preliminare"]
[White "Neiksans, Arturs"]
[Black "Haub, Thorsten Michael"]
[WhiteFideId "11601388"]
[BlackFideId "4610776"]
[WhiteElo "2553"]
[BlackElo "2456"]
[Result "1-0"]
[Round "3"]
[TimeControl "600+2"]
[Date "2023.03.13"]
[WhiteClock "0:00:31"]
[BlackClock "0:02:28"]

1. e4 {[%clk 0:10:01]}  g6 {[%clk 0:09:57]} 2. d4 {[%clk 0:10:02]}  Bg7 {[%clk 0:09:58]} 3. Nc3 {[%clk 0:10:03]}  d6 {[%clk 0:09:58]} 4. Be3 {[%clk 0:10:03]}  a6 {[%clk 0:09:57]} 5. Qd2 {[%clk 0:10:02]}  Nd7 {[%clk 0:09:57]} 6. h4 {[%clk 0:10:03]}  h6 {[%clk 0:09:56]} 7. a4 {[%clk 0:09:52]}  b6 {[%clk 0:09:55]} 8. Bc4 {[%clk 0:09:45]}  e6 {[%clk 0:09:53]} 9. Nge2 {[%clk 0:09:36]}  Ndf6 {[%clk 0:09:49]} 10. f3 {[%clk 0:09:34]}  d5 {[%clk 0:09:46]} 11. exd5 {[%clk 0:09:17]}  Nxd5 {[%clk 0:09:31]} 12. Nxd5 {[%clk 0:09:06]}  exd5 {[%clk 0:09:32]} 13. Bd3 {[%clk 0:09:07]}  Ne7 {[%clk 0:09:26]} 14. Ng3 {[%clk 0:08:42]}  Qd6 {[%clk 0:09:09]} 15. Kf2 {[%clk 0:08:40]}  h5 {[%clk 0:09:03]} 16. c3 {[%clk 0:08:34]}  Be6 {[%clk 0:08:54]} 17. a5 {[%clk 0:08:20]}  b5 {[%clk 0:08:52]} 18. Bf4 {[%clk 0:08:04]}  Qd7 {[%clk 0:08:51]} 19. Rae1 {[%clk 0:08:04]}  O-O {[%clk 0:08:49]} 20. Qc2 {[%clk 0:07:17]}  Rfe8 {[%clk 0:08:28]} 21. b4 {[%clk 0:07:17]}  c6 {[%clk 0:08:20]} 22. Re2 {[%clk 0:07:06]}  Nf5 {[%clk 0:08:10]} 23. Nxf5 {[%clk 0:04:27]}  Bxf5 {[%clk 0:08:09]} 24. Bxf5 {[%clk 0:04:27]}  Qxf5 {[%clk 0:08:09]} 25. Qxf5 {[%clk 0:04:26]}  Rxe2+ {[%clk 0:08:06]} 26. Kxe2 {[%clk 0:04:27]}  gxf5 {[%clk 0:08:06]} 27. Kf2 {[%clk 0:04:21]}  Re8 {[%clk 0:08:05]} 28. Rg1 {[%clk 0:03:45]}  Kh7 {[%clk 0:07:58]} 29. g4 {[%clk 0:03:29]}  fxg4 {[%clk 0:07:51]} 30. fxg4 {[%clk 0:03:30]}  hxg4 {[%clk 0:07:52]} 31. Rxg4 {[%clk 0:03:29]}  Re4 {[%clk 0:07:23]} 32. Kf3 {[%clk 0:03:29]}  Re1 {[%clk 0:07:15]} 33. Rg2 {[%clk 0:03:00]}  Bh6 {[%clk 0:05:28]} 34. Bxh6 {[%clk 0:02:40]}  Kxh6 {[%clk 0:05:28]} 35. Kg4 {[%clk 0:02:25]}  Re3 {[%clk 0:05:13]} 36. Rg3 {[%clk 0:02:15]}  Re4+ {[%clk 0:04:56]} 37. Kf5 {[%clk 0:02:06]}  Re6 {[%clk 0:04:37]} 38. Rg8 {[%clk 0:01:27]}  Re3 {[%clk 0:04:37]} 39. Ra8 {[%clk 0:01:28]}  Rxc3 {[%clk 0:04:38]} 40. Rxa6 {[%clk 0:01:29]}  Rc4 {[%clk 0:04:37]} 41. Ke5 {[%clk 0:01:31]}  Kg7 {[%clk 0:04:34]} 42. h5 {[%clk 0:01:22]}  Rxb4 {[%clk 0:04:17]} 43. Rxc6 {[%clk 0:01:22]}  Ra4 {[%clk 0:04:18]} 44. a6 {[%clk 0:01:13]}  b4 {[%clk 0:04:16]} 45. Kxd5 {[%clk 0:01:01]}  b3 {[%clk 0:04:17]} 46. Rb6 {[%clk 0:01:02]}  b2 {[%clk 0:04:18]} 47. Rxb2 {[%clk 0:00:58]}  Rxa6 {[%clk 0:04:18]} 48. Kc5 {[%clk 0:00:53]}  Kh6 {[%clk 0:04:02]} 49. Rh2 {[%clk 0:00:45]}  f5 {[%clk 0:03:57]} 50. d5 {[%clk 0:00:46]}  Ra1 {[%clk 0:03:53]} 51. d6 {[%clk 0:00:42]}  f4 {[%clk 0:03:47]} 52. d7 {[%clk 0:00:36]}  Rd1 {[%clk 0:03:46]} 53. Kc6 {[%clk 0:00:38]}  f3 {[%clk 0:03:43]} 54. Rf2 {[%clk 0:00:38]}  Rd3 {[%clk 0:03:30]} 55. Rxf3 {[%clk 0:00:37]}  Rxf3 {[%clk 0:03:31]} 56. d8=Q {[%clk 0:00:38]}  Kxh5 {[%clk 0:03:32]} 57. Qh8+ {[%clk 0:00:37]}  Kg4 {[%clk 0:03:32]} 58. Kd5 {[%clk 0:00:38]}  Rf5+ {[%clk 0:03:30]} 59. Ke6 {[%clk 0:00:37]}  Rf4 {[%clk 0:03:27]} 60. Qg7+ {[%clk 0:00:35]}  Kf3 {[%clk 0:03:27]} 61. Ke5 {[%clk 0:00:36]}  Re4+ {[%clk 0:03:28]} 62. Kd5 {[%clk 0:00:37]}  Rf4 {[%clk 0:03:27]} 63. Qg1 {[%clk 0:00:33]}  Rg4 {[%clk 0:03:20]} 64. Qf1+ {[%clk 0:00:33]}  Ke3 {[%clk 0:03:15]} 65. Qe1+ {[%clk 0:00:31]}  Kf3 {[%clk 0:03:15]} 66. Ke5 {[%clk 0:00:31]}  Rg5+ {[%clk 0:02:57]} 67. Kf6 {[%clk 0:00:32]}  Rg4 {[%clk 0:02:55]} 68. Qd1+ {[%clk 0:00:31]}  Kg3 {[%clk 0:02:56]} 69. Kf5 {[%clk 0:00:32]}  Rf4+ {[%clk 0:02:56]} 70. Kg5 {[%clk 0:00:33]}  Rf2 {[%clk 0:02:52]} 71. Qd3+ {[%clk 0:00:32]}  Rf3 {[%clk 0:02:50]} 72. Qd6+ {[%clk 0:00:33]}  Kg2 {[%clk 0:02:36]} 73. Kg4 {[%clk 0:00:34]}  Rf2 {[%clk 0:02:36]} 74. Qd5+ {[%clk 0:00:35]}  Kf1 {[%clk 0:02:36]} 75. Kg3 {[%clk 0:00:33]}  Kg1 {[%clk 0:02:28]} 76. Qd4 {[%clk 0:00:31]} 1-0


[Site "Internet"]

[Event "Chessable Masters - Torneo preliminare"]
[White "Matamoros Franco, Carlos S."]
[Black "Mamedov, Rauf"]
[WhiteFideId "3600017"]
[BlackFideId "13401653"]
[WhiteElo "2407"]
[BlackElo "2632"]
[Result "1-0"]
[Round "3"]
[TimeControl "600+2"]
[Date "2023.03.13"]
[WhiteClock "0:04:54"]
[BlackClock "0:07:12"]

1. c4 {[%clk 0:10:01]}  c5 {[%clk 0:10:00]} 2. g3 {[%clk 0:10:02]}  g6 {[%clk 0:10:01]} 3. Bg2 {[%clk 0:10:03]}  Bg7 {[%clk 0:10:02]} 4. Nc3 {[%clk 0:10:05]}  Nc6 {[%clk 0:10:03]} 5. Nf3 {[%clk 0:10:03]}  d6 {[%clk 0:10:04]} 6. O-O {[%clk 0:09:53]}  e5 {[%clk 0:10:05]} 7. a3 {[%clk 0:09:53]}  Nge7 {[%clk 0:10:03]} 8. Rb1 {[%clk 0:09:54]}  a5 {[%clk 0:10:02]} 9. d3 {[%clk 0:09:50]}  O-O {[%clk 0:10:03]} 10. Bg5 {[%clk 0:09:48]}  h6 {[%clk 0:10:04]} 11. Bxe7 {[%clk 0:09:49]}  Nxe7 {[%clk 0:10:04]} 12. Ne1 {[%clk 0:09:34]}  h5 {[%clk 0:09:54]} 13. b4 {[%clk 0:09:13]}  cxb4 {[%clk 0:09:49]} 14. axb4 {[%clk 0:09:15]}  axb4 {[%clk 0:09:49]} 15. Rxb4 {[%clk 0:09:13]}  h4 {[%clk 0:09:50]} 16. Rb1 {[%clk 0:08:43]}  Rb8 {[%clk 0:09:45]} 17. Nf3 {[%clk 0:08:11]}  h3 {[%clk 0:09:35]} 18. Bh1 {[%clk 0:08:11]}  b6 {[%clk 0:09:35]} 19. Qb3 {[%clk 0:08:03]}  Be6 {[%clk 0:09:30]} 20. Ng5 {[%clk 0:08:00]}  Bd7 {[%clk 0:09:31]} 21. Nge4 {[%clk 0:07:48]}  Nf5 {[%clk 0:09:30]} 22. e3 {[%clk 0:07:42]}  Be6 {[%clk 0:09:32]} 23. Qb4 {[%clk 0:07:26]}  Qe7 {[%clk 0:09:20]} 24. Ra1 {[%clk 0:07:17]}  Bh6 {[%clk 0:09:14]} 25. Rfe1 {[%clk 0:07:13]}  Rfd8 {[%clk 0:08:56]} 26. Ra6 {[%clk 0:07:02]}  Kg7 {[%clk 0:08:31]} 27. Rxb6 {[%clk 0:06:50]}  Qa7 {[%clk 0:08:32]} 28. Rxb8 {[%clk 0:06:42]}  Rxb8 {[%clk 0:08:33]} 29. Nb5 {[%clk 0:06:42]}  Qa2 {[%clk 0:08:12]} 30. Qd2 {[%clk 0:06:32]}  Qb3 {[%clk 0:07:44]} 31. g4 {[%clk 0:06:17]}  Nxe3 {[%clk 0:07:11]} 32. g5 {[%clk 0:05:52]}  Bxg5 {[%clk 0:07:12]} 33. Nxg5 {[%clk 0:05:53]}  Nf5 {[%clk 0:07:14]} 34. Nxe6+ {[%clk 0:05:44]}  fxe6 {[%clk 0:07:15]} 35. Be4 {[%clk 0:05:38]}  Rf8 {[%clk 0:07:03]} 36. Bxf5 {[%clk 0:05:30]}  Rxf5 {[%clk 0:07:04]} 37. Nxd6 {[%clk 0:05:30]}  Rf4 {[%clk 0:07:06]} 38. Ne4 {[%clk 0:05:21]}  Rg4+ {[%clk 0:07:03]} 39. Ng3 {[%clk 0:05:01]}  Qb7 {[%clk 0:07:04]} 40. f3 {[%clk 0:05:03]}  Qxf3 {[%clk 0:07:05]} 41. Qe2 {[%clk 0:04:59]}  Qf4 {[%clk 0:07:06]} 42. Qxe5+ {[%clk 0:04:56]}  Qxe5 {[%clk 0:07:07]} 43. Rxe5 {[%clk 0:04:58]}  Rd4 {[%clk 0:07:09]} 44. Re3 {[%clk 0:04:59]}  Kf6 {[%clk 0:07:09]} 45. Ne4+ {[%clk 0:05:00]}  Ke5 {[%clk 0:07:11]} 46. Rxh3 {[%clk 0:05:01]}  g5 {[%clk 0:07:12]} 47. Nxg5 {[%clk 0:04:54]} 1-0


[Site "Internet"]

[Event "Chessable Masters - Torneo preliminare"]
[White "Maghsoodloo, Parham"]
[Black "Mekhitarian, Krikor Sevag"]
[WhiteFideId "12539929"]
[BlackFideId "2107660"]
[WhiteElo "2660"]
[BlackElo "2594"]
[Result "1-0"]
[Round "3"]
[TimeControl "600+2"]
[Date "2023.03.13"]
[WhiteClock "0:07:11"]
[BlackClock "0:03:19"]

1. d4 {[%clk 0:10:00]}  Nf6 {[%clk 0:09:48]} 2. Nf3 {[%clk 0:10:00]}  e6 {[%clk 0:09:45]} 3. Bf4 {[%clk 0:09:58]}  d5 {[%clk 0:09:39]} 4. e3 {[%clk 0:09:59]}  c5 {[%clk 0:09:39]} 5. Nbd2 {[%clk 0:09:58]}  Nc6 {[%clk 0:09:34]} 6. c3 {[%clk 0:09:59]}  Nh5 {[%clk 0:09:00]} 7. Be5 {[%clk 0:09:45]}  f6 {[%clk 0:08:51]} 8. Bg3 {[%clk 0:09:46]}  g6 {[%clk 0:08:46]} 9. Bh4 {[%clk 0:09:36]}  cxd4 {[%clk 0:08:30]} 10. Nxd4 {[%clk 0:09:32]}  Be7 {[%clk 0:08:20]} 11. Be2 {[%clk 0:09:11]}  Ng7 {[%clk 0:08:19]} 12. O-O {[%clk 0:09:08]}  O-O {[%clk 0:08:20]} 13. N2b3 {[%clk 0:08:57]}  e5 {[%clk 0:08:07]} 14. Nxc6 {[%clk 0:08:49]}  bxc6 {[%clk 0:08:09]} 15. f3 {[%clk 0:08:50]}  c5 {[%clk 0:07:39]} 16. e4 {[%clk 0:08:44]}  d4 {[%clk 0:07:18]} 17. cxd4 {[%clk 0:08:33]}  cxd4 {[%clk 0:07:16]} 18. f4 {[%clk 0:08:34]}  Bb7 {[%clk 0:06:01]} 19. Bd3 {[%clk 0:08:08]}  exf4 {[%clk 0:04:42]} 20. Bf2 {[%clk 0:08:06]}  Ne6 {[%clk 0:04:36]} 21. Bc4 {[%clk 0:08:06]}  Qc8 {[%clk 0:04:06]} 22. Rc1 {[%clk 0:07:43]}  Kh8 {[%clk 0:03:55]} 23. Na5 {[%clk 0:07:21]}  Bxe4 {[%clk 0:03:28]} 24. Bd3 {[%clk 0:07:15]}  Qd8 {[%clk 0:03:18]} 25. Bxe4 {[%clk 0:07:09]}  Qxa5 {[%clk 0:03:19]} 26. Bxa8 {[%clk 0:07:10]}  Rxa8 {[%clk 0:03:19]} 27. Re1 {[%clk 0:07:11]} 1-0


[Site "Internet"]

[Event "Chessable Masters - Torneo preliminare"]
[White "Iniyan, P"]
[Black "Sankalp, Gupta"]
[WhiteFideId "25002767"]
[BlackFideId "5097010"]
[WhiteElo "2441"]
[BlackElo "2427"]
[Result "0-1"]
[Round "3"]
[TimeControl "600+2"]
[Date "2023.03.13"]
[WhiteClock "0:00:54"]
[BlackClock "0:01:37"]

1. d4 {[%clk 0:10:01]}  Nf6 {[%clk 0:10:00]} 2. c4 {[%clk 0:10:01]}  e6 {[%clk 0:10:01]} 3. Nf3 {[%clk 0:10:02]}  d5 {[%clk 0:10:02]} 4. Nc3 {[%clk 0:10:03]}  a6 {[%clk 0:10:04]} 5. cxd5 {[%clk 0:10:04]}  exd5 {[%clk 0:10:06]} 6. Bf4 {[%clk 0:10:05]}  Be6 {[%clk 0:10:07]} 7. e3 {[%clk 0:10:06]}  Bd6 {[%clk 0:10:06]} 8. Bd3 {[%clk 0:10:06]}  c6 {[%clk 0:10:03]} 9. O-O {[%clk 0:10:03]}  Qc7 {[%clk 0:10:03]} 10. Bxd6 {[%clk 0:09:56]}  Qxd6 {[%clk 0:10:05]} 11. Ne5 {[%clk 0:09:03]}  c5 {[%clk 0:10:03]} 12. Bc2 {[%clk 0:08:44]}  Nc6 {[%clk 0:09:54]} 13. Nxc6 {[%clk 0:08:42]}  bxc6 {[%clk 0:09:53]} 14. dxc5 {[%clk 0:07:56]}  Qxc5 {[%clk 0:09:55]} 15. h3 {[%clk 0:07:58]}  O-O {[%clk 0:09:51]} 16. Na4 {[%clk 0:07:57]}  Qe7 {[%clk 0:09:17]} 17. Rc1 {[%clk 0:07:55]}  Nd7 {[%clk 0:09:00]} 18. Qd3 {[%clk 0:07:38]}  g6 {[%clk 0:08:57]} 19. e4 {[%clk 0:06:57]}  Rfb8 {[%clk 0:08:41]} 20. Bb3 {[%clk 0:06:31]}  Rb4 {[%clk 0:07:29]} 21. exd5 {[%clk 0:06:25]}  cxd5 {[%clk 0:07:31]} 22. Rfe1 {[%clk 0:04:37]}  Qg5 {[%clk 0:07:12]} 23. Nc5 {[%clk 0:04:26]}  Nxc5 {[%clk 0:05:52]} 24. Rxc5 {[%clk 0:04:28]}  a5 {[%clk 0:05:53]} 25. Bxd5 {[%clk 0:03:35]}  Rd8 {[%clk 0:05:42]} 26. Rxe6 {[%clk 0:02:53]}  fxe6 {[%clk 0:05:39]} 27. Bxe6+ {[%clk 0:02:55]}  Kf8 {[%clk 0:05:39]} 28. Bd5 {[%clk 0:02:23]}  Qe5 {[%clk 0:04:28]} 29. Rxa5 {[%clk 0:02:07]}  Rd4 {[%clk 0:04:13]} 30. Qf3+ {[%clk 0:01:49]}  Kg7 {[%clk 0:03:09]} 31. Ra7+ {[%clk 0:01:48]}  Kh6 {[%clk 0:03:03]} 32. Bb3 {[%clk 0:01:46]}  Rd3 {[%clk 0:02:26]} 33. Qg4 {[%clk 0:01:20]}  R8d4 {[%clk 0:02:25]} 34. f4 {[%clk 0:01:10]}  Rxf4 {[%clk 0:02:00]} 35. Qc8 {[%clk 0:00:55]}  Qe1+ {[%clk 0:01:42]} 36. Kh2 {[%clk 0:00:56]}  Qg3+ {[%clk 0:01:40]} 37. Kg1 {[%clk 0:00:55]}  Qf2+ {[%clk 0:01:38]} 38. Kh2 {[%clk 0:00:54]}  Qxa7 {[%clk 0:01:37]} 0-1


[Site "Internet"]